[Event "Match"]
[Site "www.echecsemail.com"]
[Date "2016.01.28"]
[Round "1"]
[White "Llord"]
[Black "Forest"]
[WhiteElo "1870"]
[BlackElo "1570"]
[Result "0-1"]
[Round "1"]
1.e4 e6
2.d4 d5
3.e5 c5
4.Bf1b5 Nb8c6
5.Bc1e3 cxd4
6.Be3xd4 Bc8d7
7.Bd4e3 Nc6xe5
8.Bb5xd7 Qd8xd7
9.Ng1f3 Ne5xf3
10.Qd1xf3 Ng8f6
11.O-O Bf8e7
12.Rf1d1 O-O
13.Qf3g3 Kh8
14.c4 Be7d6
15.Be3f4 Nf6h5
16.Qg3g4 Nh5xf4
17.cxd5 Qd7c7
18.Nb1c3 a6
19.Nc3e4 exd5
20.Ne4xd6 Qc7xd6
21.Rd1d4 Nf4e6
22.Rd4d3 d4
23.g3 f5
24.Qg4f3 f4
25.Qf3xb7 fxg3
26.Rd3xg3 Ra8b8
27.Qb7g2 Rb8xb2
28.Ra1e1 d3
29.Re1d1 d2
30.Qg2f1 Rb2xa2
31.Rg3d3 Qd6f4
32.Qf1e2 Qf4g5
33.Kf1 Ne6f4
34.Qe2f3 Qg5h4
35.Rd3xd2 Ra2xd2
36.Rd1xd2 Qh4xh2
37.Rd2d4 Nf4g6
38.Qf3a3 Qh2xf2

0-1

[Event "Match"]
[Site "www.echecsemail.com"]
[Date "2016.01.28"]
[Round "1"]
[White "Starwind"]
[Black "Calponas"]
[WhiteElo "1809"]
[BlackElo "2110"]
[Result "1-0"]
[Round "1"]
1.e4 c5
2.Ng1f3 d6
3.d4 cxd4
4.Nf3xd4 Ng8f6
5.Nb1c3 a6
6.Bc1e3 e5
7.Nd4b3 Bf8e7
8.f3 Bc8e6
9.Qd1d2 Nb8c6
10.O-O-O O-O
11.g4 b5
12.g5 Nf6d7
13.Nc3d5 Be6xd5
14.exd5 Nc6d4
15.Be3xd4 exd4
16.f4 Nd7c5
17.Nb3xd4 Ra8c8
18.Bf1h3 Rc8c7
19.Nd4c6 Nc5e4
20.Qd2e2 Rc7xc6
21.dxc6 Ne4xg5
22.Rh1e1 Be7f6
23.fxg5 Bf6xg5
24.Kb1 { resign }
1-0

[Event "Match"]
[Site "www.echecsemail.com"]
[Date "2016.01.28"]
[Round "1"]
[White "Calponas"]
[Black "Elogic"]
[WhiteElo "2110"]
[BlackElo "1809"]
[Result "1/2-1/2"]
[Round "1"]
1.e4 c5
2.c4 Nb8c6
3.Ng1f3 e6
4.Nb1c3 a6
5.a4 Ng8f6
6.d4 cxd4
7.Nf3xd4 Nc6xd4
8.Qd1xd4 b6
9.g3 Bf8c5
10.Qd4d3 Nf6g4
11.Nc3d1 f5
12.exf5 O-O
13.Bf1g2 Ra8b8
14.O-O Rf8xf5
15.Nd1e3 Ng4xe3
16.Bc1xe3 Bc5xe3
17.Qd3xe3 Bc8b7
{ draw }
1/2-1/2

[Event "Match"]
[Site "www.echecsemail.com"]
[Date "2016.01.28"]
[Round "1"]
[White "Elogic"]
[Black "Goosebumps"]
[WhiteElo "1669"]
[BlackElo "2200"]
[Result "1-0"]
[Round "1"]
1.e4 c6
2.Nb1c3 d5
3.d4 dxe4
4.Nc3xe4 Bc8f5
5.Qd1f3 Bf5xe4
6.Qf3xe4 Ng8f6
7.Qe4e5 e6
8.Ng1f3 Bf8d6
9.Qe5e2  { time }
1-0

[Event "1/64 Finale"]
[Site "www.chess-mail.com"]
[Date "2016.01.28"]
[Round "1"]
[White "Cardiff"]
[Black "Orhany24"]
[WhiteElo "1840"]
[BlackElo "2010"]
[Result "1/2-1/2"]
[Round "1"]
1.d4 d5
2.c4 Ng8f6
3.cxd5 Nf6xd5
4.Ng1f3 Bc8f5
5.Nb1c3 e6
6.e3 Bf8e7
7.Bf1d3 Bf5xd3
8.Qd1xd3 O-O
9.Bc1d2 c5
10.O-O Nb8c6
11.Nc3xd5 exd5
12.dxc5 Be7xc5
13.Bd2c3 Qd8d7
14.Rf1d1 Ra8d8
15.Ra1c1 Bc5b6
16.Nf3d4 Qd7g4
17.h3 Qg4h4
18.Nd4f5 Qh4g5
19.Bc3xg7 Rf8e8
20.h4 Qg5g6
21.Bg7c3 Re8e4
22.Nf5g3 Re4xh4
23.Qd3xg6 hxg6
24.a3 d4
25.exd4 Nc6xd4
26.Bc3xd4 Rh4xd4
27.Rd1xd4 Rd8xd4
28.Ng3f1 Rd4f4
29.Rc1c2 g5
30.Nf1e3 f5
31.Ne3d5 Rf4e4
32.Nd5xb6 axb6
33.Kf1 Kf7
34.Rc2c7 Re4e7
35.Rc7xe7 Kxe7
36.Ke2 Ke6
37.Kd3 Kd5
38.b3 b5
39.b4 b6
40.f3 { draw }
1/2-1/2

[Event "1/32 Finale"]
[Site "www.chess-mail.com"]
[Date "2016.01.28"]
[Round "1"]
[White "Emiondi"]
[Black "Panham"]
[WhiteElo "2189"]
[BlackElo "2190"]
[Result "1/2-1/2"]
[Round "1"]
1.d4 d5
2.c4 c6
3.Ng1f3 e6
4.Nb1c3 Ng8f6
5.Bc1g5 Nb8d7
6.e3 Qd8a5
7.Nf3d2 Bf8b4
8.Qd1c2 dxc4
9.Bg5xf6 Nd7xf6
10.Nd2xc4 Qa5c7
11.a3 Bb4e7
12.Bf1e2 O-O
13.b4 Nf6d5
14.O-O Be7f6
15.Nc3e4 Bf6e7
16.Be2f3 Bc8d7
17.Nc4e5 Ra8c8
18.Ne5xd7 Qc7xd7
19.Ne4c5 Be7xc5
20.dxc5 Qd7e7
21.Ra1d1 Rf8d8
22.Bf3xd5 Rd8xd5
23.Rd1xd5 exd5
24.Rf1d1 Rc8e8
25.g3 Qe7f6
26.Rd1d4 Qf6e5
27.Kg2 Re8e6
28.h4 Qe5f6
{ draw }
1/2-1/2

[Event "1/128 Finale"]
[Site "www.chess-mail.com"]
[Date "2016.01.28"]
[Round "1"]
[White "Buchauer"]
[Black "Gunnar"]
[WhiteElo "1809"]
[BlackElo "1450"]
[Result "1-0"]
[Round "1"]
1.e4 e6
2.d4 d5
3.Nb1c3 Ng8f6
4.e5 Nf6d7
5.f4 c5
6.Ng1f3 Nb8c6
7.Bc1e3 a6
8.Qd1d2 b5
9.a3 Qd8b6
10.Nc3e2 cxd4
11.Ne2xd4 Bf8c5
12.b4 Bc5xd4
13.Nf3xd4 Nc6xd4
14.Be3xd4 Qb6c6
15.Bf1d3 Nd7b6
16.Qd2f2 Nb6c4
17.O-O Bc8b7
18.Qf2h4 Qc6c7
19.f5 Qc7e7
20.f6 gxf6
21.Bd4c5 Qe7d8
22.Rf1xf6 Qd8d7
23.Rf6xe6 Qd7xe6
24.Bd3f5 { resign }
1-0

[Event "Eq:chibcha-Los Tercios : "]
[Site "www.chess-mail.com"]
[Date "2016.01.28"]
[Round "1"]
[White "Julianlore"]
[Black "Lino"]
[WhiteElo "2700"]
[BlackElo "2360"]
[Result "1-0"]
[Round "1"]
1.e4 c5
2.Ng1f3 Nb8c6
3.Bf1b5 e6
4.O-O Ng8e7
5.c3 a6
6.Bb5a4 b5
7.Ba4c2 Bc8b7
8.Qd1e2 d5
9.a4 b4
10.d4 cxd4
11.cxd4 dxe4
12.Bc2xe4 Ne7d5
13.Bc1e3 Bf8e7
14.Be4d3 O-O
15.Nb1d2 Nc6a5
16.Nf3e5 f6
17.Ne5c4 Na5xc4
18.Nd2xc4 Be7d6
19.Be3d2 Rf8e8
{ time. }
1-0

[Event "Eq:chibcha-Royal chess : "]
[Site "www.chess-mail.com"]
[Date "2016.01.28"]
[Round "1"]
[White "Estonia"]
[Black "Cal"]
[WhiteElo "1980"]
[BlackElo "1570"]
[Result "1-0"]
[Round "1"]
1.f4 Ng8f6
2.Ng1f3 d5
3.e3 Bc8g4
4.h3 Bg4h5
5.g4 Bh5xg4
6.hxg4 h6
7.Nb1c3 e6
8.Nf3e5 Bf8b4
9.d3 O-O
10.Bc1d2 Bb4xc3
11.Bd2xc3 Nb8c6
12.g5 Nf6h7
13.Ne5xc6 bxc6
14.gxh6 g6
15.Qd1f3 f6
16.Bf1h3 c5
17.Bh3xe6 Kh8
18.O-O-O Qd8d6
19.Be6xd5 Ra8e8
20.Rd1g1 Qd6a6
21.Rg1xg6 Re8e7
22.Rh1g1 c6
23.Bd5c4 Qa6c8
24.Rg6g7 Qc8d7
25.Rg7g8 Rf8xg8
26.Rg1xg8 
1-0

[Event "Fast Game"]
[Site "www.echecsemail.com"]
[Date "2016.01.28"]
[Round "1"]
[White "Elogic"]
[Black "Ranjachess"]
[WhiteElo "1619"]
[BlackElo "1730"]
[Result "1-0"]
[Round "1"]
1.e4 e5
2.Ng1f3 Nb8c6
3.Bf1c4 Ng8f6
4.Nb1c3 Bf8b4
5.d4 exd4
6.Nf3xd4 Bb4xc3
7.bxc3 Nf6xe4
8.Qd1h5 Qd8e7
9.Nd4f5 Ne4g3
10.Nf5xe7 Ng3xh5
11.Ne7f5 d5
12.Nf5xg7 Nh5xg7
13.Bc4xd5 Bc8e6
14.Bd5xc6 bxc6
15.O-O O-O-O
16.Bc1g5 Rd8d7
17.Bg5f6 Rh8g8
18.Ra1b1 Ng7h5
19.Bf6h4 Be6xa2
20.Rb1a1 Ba2d5
21.g3 Nh5f4
22.f3 Nf4e2
23.Kf2 Ne2xc3
24.Ra1xa7 Rg8e8
25.Ra7a8 Kb7
26.Ra8xe8 Bd5c4
27.Rf1a1 Bc4a6
28.Ra1a3 Rd7d2
29.Kg1 Rd2xc2
30.Ra3b3 Nc3b5
31.Re8e7 Kc8
32.Re7xf7 Nb5d4
33.Rf7f8 Kd7
34.Rf8d8 Ke6
35.Rd8xd4 Rc2e2
36.Rd4e4 Re2xe4
37.fxe4 c5
38.Rb3b8 Ba6d3
39.Rb8e8 Kf7
40.Re8e7 Kg8
41.Re7xc7 Bd3xe4
42.Rc7xc5 Kg7
43.g4 Kg6
44.Rc5g5 Kh6
45.Rg5h5 Kg6
46.Rh5e5 Be4f3
47.g5 h5
48.Bh4g3 Bf3g4
49.h4 Kf7
50.Re5a5 Bg4e6
51.Kf2 Be6c4
52.Bg3e5 Bc4d3
53.Ke3 Bd3g6
54.Kf4 Ke7
55.Ra5a6 Bg6d3
56.Ra6h6 Bd3e2
57.g6 Kf8
58.g7 Kf7
59.Rh6h8 Be2a6
60.g8Q Ke7
61.Rh8h6 Ba6b5
62.Qg8e6 Kd8
63.Rh6h8 Bb5e8
64.Qe6xe8 
1-0

[Event "Tourn. n8555"]
[Site "www.chess-mail.com"]
[Date "2016.01.29"]
[Round "1"]
[White "Goosebumps"]
[Black "Goofy"]
[WhiteElo "2200"]
[BlackElo "2260"]
[Result "0-1"]
[Round "1"]
1.d4 e6
2.c4 f5
3.Ng1f3 Ng8f6
4.Nb1c3 Bf8b4
5.a3 Bb4xc3
6.bxc3 O-O
7.Bc1f4 d6
8.e3 b6
9.Bf1e2 Qd8e8
10.O-O Nf6h5
11.Rf1e1 Nh5xf4
12.exf4 h6
13.d5 e5
14.fxe5 dxe5
15.Qd1d2 Nb8d7
 { time }
0-1

[Event "Tourn. n8573"]
[Site "www.chess-mail.com"]
[Date "2016.01.29"]
[Round "1"]
[White "Fkarpov"]
[Black "Goosebumps"]
[WhiteElo "2070"]
[BlackElo "2200"]
[Result "1-0"]
[Round "1"]
1.e4 e5
2.Ng1f3 Nb8c6
3.Bf1c4 Nc6d4
4.Nf3xe5 Qd8g5
5.Bc4xf7 Ke7
6.d3 Qg5xe5
7.Bf7c4 d6
8.f4 Qe5c5
9.c3 Nd4c6
10.b4 Qc5b6
11.a4  { time }
1-0

[Event "Tourn. n8597"]
[Site "www.chess-mail.com"]
[Date "2016.01.29"]
[Round "1"]
[White "Elogic"]
[Black "Libiesse"]
[WhiteElo "2089"]
[BlackElo "1990"]
[Result "0-1"]
[Round "1"]
1.f4 c5
2.e4 e6
3.d4 cxd4
4.Qd1xd4 Nb8c6
5.Qd4f2 Qd8c7
6.g3 b6
7.Bf1g2 Bc8b7
8.Nb1c3 Bf8b4
9.Bc1d2 Bb4c5
10.Bd2e3 Bc5xe3
11.Qf2xe3 Ra8d8
12.Nc3b5 Qc7b8
13.Qe3c3 Ng8f6
14.g4 Nc6e7
15.g5 Nf6xe4
16.Qc3xg7 Rh8g8
17.Qg7xh7 Ne4xg5
18.Qh7h6 Qb8xf4
19.Bg2xb7 Ng5f3
20.Ng1xf3 Qf4xh6
21.Nb5d6 Kf8
22.h4 Qh6f4
23.Nf3g5 Qf4xd6
{ resign }
0-1

[Event "Tourn. n8555"]
[Site "www.chess-mail.com"]
[Date "2016.01.29"]
[Round "1"]
[White "Goofy"]
[Black "Terrible"]
[WhiteElo "2260"]
[BlackElo "2280"]
[Result "1/2-1/2"]
[Round "1"]
1.e4 e5
2.Ng1f3 Nb8c6
3.Bf1c4 Bf8c5
4.c3 Ng8f6
5.d3 d6
6.Bc4b3 a6
7.h3 O-O
8.Bc1g5 Qd8e7
9.Nb1d2 Bc8e6
10.Bb3c2 Bc5a7
11.Nd2f1 d5
12.Qd1e2 dxe4
13.dxe4 Ra8d8
14.Nf1e3 Ba7xe3
15.Qe2xe3 Rd8d6
16.O-O Rf8d8
17.Rf1d1 Be6c8
18.Rd1xd6 Rd8xd6
19.Qe3e2 Qe7e8
20.Ra1d1 Qe8d8
21.Rd1d2 Rd6xd2
22.Bg5xd2 Qd8d6
23.a4 h6
24.Bd2e3 Bc8e6
25.Nf3d2 Nf6d7
26.Nd2c4 Qd6e7
27.b4 { draw }
1/2-1/2

[Event "Tourn. n8580"]
[Site "www.chess-mail.com"]
[Date "2016.01.29"]
[Round "1"]
[White "Fabos12"]
[Black "Leeds"]
[WhiteElo "1670"]
[BlackElo "1810"]
[Result "1-0"]
[Round "1"]
1.Ng1f3 d5
2.d4 Ng8f6
3.c4 e6
4.Nb1c3 dxc4
5.e4 a6
6.Bf1xc4 c5
7.d5 exd5
8.Nc3xd5 Nf6xd5
9.Bc4xd5 Bf8e7
10.Qd1b3 O-O
11.Bc1f4 Nb8d7
12.O-O-O Qd8c7
13.Bf4xc7 { resign }
1-0

[Event "Tourn. n8534"]
[Site "www.chess-mail.com"]
[Date "2016.01.29"]
[Round "1"]
[White "Genius7"]
[Black "Goofy"]
[WhiteElo "2110"]
[BlackElo "2260"]
[Result "1/2-1/2"]
[Round "1"]
1.e4 d5
2.exd5 Ng8f6
3.d4 Bc8g4
4.f3 Bg4f5
5.c4 e6
6.Bf1d3 Bf5xd3
7.Qd1xd3 exd5
8.cxd5 Qd8xd5
9.Nb1c3 Qd5e6
10.Ng1e2 c6
11.O-O Nb8d7
12.Bc1f4 Nd7b6
13.Rf1e1 Qe6d7
14.Ne2g3 Kd8
15.Ra1d1 Nf6d5
16.Nc3xd5 Nb6xd5
17.Bf4d2 Kc7
18.a3 Ra8d8
19.b4 g6
20.Rd1c1 Kb8
21.Qd3c4 { draw }
1/2-1/2

[Event "Tourn. n8608"]
[Site "www.chess-mail.com"]
[Date "2016.01.29"]
[Round "1"]
[White "Umzi"]
[Black "Elogic"]
[WhiteElo "2210"]
[BlackElo "2240"]
[Result "1-0"]
[Round "1"]
1.e4 e5
2.Ng1f3 d6
3.d4 c6
4.dxe5 Bc8g4
5.exd6 Bf8xd6
6.Bf1e2 Bg4xf3
7.Be2xf3 Bd6b4
8.Bc1d2 Qd8b6
9.b3 Nb8d7
10.O-O Bb4xd2
11.Nb1xd2 O-O-O
12.Nd2c4 Qb6c7
13.Nc4d6 Kb8
14.Nd6xf7 Ng8e7
15.Nf7xd8 Rh8xd8
16.Qd1e2 Ne7g6
17.g3 Nd7e5
18.Rf1d1 h6
19.Rd1xd8 Qc7xd8
20.Ra1d1 Qd8f6
21.Bf3g2 Kc7
22.f4 { resign }
1-0

[Event "Tourn. n8569"]
[Site "www.chess-mail.com"]
[Date "2016.01.29"]
[Round "1"]
[White "Loper10"]
[Black "Goosebumps"]
[WhiteElo "2620"]
[BlackElo "2200"]
[Result "1-0"]
[Round "1"]
1.e4 c5
2.d4 cxd4
3.c3 dxc3
4.Nb1xc3 e6
5.Bf1c4 a6
6.Ng1f3 Nb8c6
7.O-O b5
8.Bc4d3 Qd8c7
9.Rf1e1 Bf8b4
10.Bc1d2  { time }
1-0

[Event "Tourn. n8482"]
[Site "www.chess-mail.com"]
[Date "2016.01.29"]
[Round "1"]
[White "Luban"]
[Black "Cardiff"]
[WhiteElo "2010"]
[BlackElo "1920"]
[Result "1/2-1/2"]
[Round "1"]
1.d4 d5
2.Ng1f3 c5
3.e3 e6
4.c4 Ng8f6
5.Nb1c3 a6
6.Bf1d3 dxc4
7.Bd3xc4 b5
8.Bc4d3 Bc8b7
9.O-O Bf8e7
10.Qd1c2 cxd4
11.Nf3xd4 O-O
12.Nc3e4 Nf6xe4
13.Bd3xe4 Bb7xe4
14.Qc2xe4 Nb8d7
15.Nd4c6 Qd8e8
16.Bc1d2 Be7f6
17.Ra1b1 Nd7b6
18.b3 Nb6d5
19.Rf1c1 g6
20.Nc6e5 Bf6g7
21.Ne5c6 Nd5f6
22.Qe4f3 Nf6d5
23.e4 Nd5e7
24.Nc6xe7 Qe8xe7
25.Rc1c6 Rf8c8
26.Rb1c1 Qe7b7
27.e5 Rc8xc6
28.Rc1xc6 Bg7xe5
29.Qf3e4 Be5f6
30.Qe4f3 Kg7
31.Bd2c3 Bf6xc3
32.Qf3xc3 Kh6
33.Rc6c7 Qb7d5
34.h3 e5
35.Rc7c5 Qd5d4
36.Qc3xd4 exd4
37.Rc5d5 Ra8c8
38.Rd5xd4 Rc8c6
{ draw }
1/2-1/2

[Event "Tourn. n8542"]
[Site "www.chess-mail.com"]
[Date "2016.01.29"]
[Round "1"]
[White "Faerieking"]
[Black "Numanoid"]
[WhiteElo "2260"]
[BlackElo "2480"]
[Result "0-1"]
[Round "1"]
1.e4 d6
2.Bf1c4 Ng8f6
3.Nb1c3 Nb8c6
4.Ng1e2 g6
5.d3 Bf8g7
6.f3 O-O
7.a3 e5
8.Bc1g5 h6
9.Bg5e3 Kh7
10.g4 Bc8xg4
11.fxg4 Nf6xg4
12.Be3f2 Ng4xf2
13.Kxf2 f5
14.Qd1g1 Nc6d4
15.Ne2xd4 exd4
16.Nc3d1 fxe4
17.Ke2 d5
18.Bc4b3 c6
19.Nd1f2 e3
20.Nf2h3 Qd8h4
21.Qg1g3 Qh4h5
{ resign }
0-1

[Event "Tourn. n8592"]
[Site "www.chess-mail.com"]
[Date "2016.01.29"]
[Round "1"]
[White "Orhany24"]
[Black "Elogic"]
[WhiteElo "2070"]
[BlackElo "2059"]
[Result "1-0"]
[Round "1"]
1.e4 c6
2.d4 e5
3.d5 cxd5
4.exd5 Ng8f6
5.c4 Bf8c5
6.Bc1e3 Bc5xe3
7.fxe3 O-O
8.Nb1c3 a6
9.e4 d6
10.Ng1f3 Qd8a5
11.Bf1d3 Bc8g4
12.O-O Nb8d7
13.Qd1c2 Nd7c5
14.Bd3e2 Qa5b6
15.Kh1 Bg4xf3
16.Rf1xf3 Ra8c8
17.b3 Nc5d7
18.Ra1f1 Qb6c5
19.Qc2d2 Qc5d4
20.Rf3d3 Qd4c5
21.Rd3g3 g6
22.Qd2g5 b5
23.Rf1xf6 Nd7xf6
24.Qg5xf6 Qc5d4
25.h4 b4
26.h5 bxc3
27.h6 { resign }
1-0

[Event "Tourn. n8502"]
[Site "www.chess-mail.com"]
[Date "2016.01.29"]
[Round "1"]
[White "Terrible"]
[Black "Lino"]
[WhiteElo "2290"]
[BlackElo "2290"]
[Result "1-0"]
[Round "1"]
1.d4 f5
2.Ng1f3 Ng8f6
3.g3 g6
4.Bf1g2 Bf8g7
5.c4 d6
6.Nb1c3 O-O
7.O-O c6
8.b3 Nb8a6
9.Bc1b2 Qd8c7
10.d5 e5
11.dxe6 Bc8xe6
12.Nf3g5 Be6d7
13.Qd1d2 Ra8d8
14.Ra1d1 Bd7c8
15.Bb2a3 Na6c5
16.Qd2f4 Qc7e7
17.Qf4c1 Bg7h6
18.h4 Nf6g4
19.Qc1d2 Bh6g7
20.Ng5h3  { time }
1-0

[Event "Tourn. n8504"]
[Site "www.chess-mail.com"]
[Date "2016.01.29"]
[Round "1"]
[White "Sontuozio"]
[Black "Goosebumps"]
[WhiteElo "2150"]
[BlackElo "2200"]
[Result "1-0"]
[Round "1"]
1.d4 e6
2.Ng1f3 d5
3.e3 c5
4.c3 Ng8f6
5.Bf1d3 Nb8c6
6.Nb1d2 c4
7.Bd3c2 Bc8d7
8.e4 Bf8e7
9.e5 Nf6g8
10.Qd1e2 f6
11.O-O fxe5
12.Nf3xe5 Nc6xe5
13.dxe5 Be7c5
14.Qe2h5 Kf8
15.Nd2f3 Bd7e8
16.Qh5g4 h6
17.Qg4xe6 Ng8e7
18.Qe6g4 Qd8b6
19.Qg4f4 Kg8
20.Nf3d4 Be8d7
21.Bc1e3 Bc5xd4
22.Be3xd4 Qb6xb2
23.Qf4d2 Bd7f5
24.Rf1c1 Bf5xc2
25.Qd2xc2 Qb2xc2
26.Rc1xc2 Kh7
27.Ra1d1  { time }
1-0

[Event "Tourn. n8527"]
[Site "www.chess-mail.com"]
[Date "2016.01.29"]
[Round "1"]
[White "Genius7"]
[Black "Emiondi"]
[WhiteElo "2110"]
[BlackElo "2199"]
[Result "1/2-1/2"]
[Round "1"]
1.d4 Ng8f6
2.Ng1f3 g6
3.c4 Bf8g7
4.b3 d5
5.e3 O-O
6.Bc1b2 c5
7.Bf1e2 Nb8c6
8.O-O dxc4
9.Be2xc4 Nf6e4
10.h3 e6
11.Qd1c2 f5
12.dxc5 Ne4xc5
13.Bb2xg7 Kxg7
14.Bc4b5 Nc5e4
15.Bb5xc6 bxc6
16.Nb1c3 Ne4f6
17.Rf1d1 Qd8e7
18.Nf3e5 Bc8b7
19.Ra1c1 { draw }
1/2-1/2

[Event "Tourn. n8522"]
[Site "www.chess-mail.com"]
[Date "2016.01.29"]
[Round "1"]
[White "Kevinking"]
[Black "Roque1"]
[WhiteElo "1819"]
[BlackElo "1670"]
[Result "0-1"]
[Round "1"]
1.d4 d5
2.c4 dxc4
3.e3 Ng8f6
4.Bf1xc4 e6
5.Ng1f3 b6
6.O-O Bf8d6
7.Qd1e2 O-O
8.Nb1c3 Bc8b7
9.Rf1d1 Nb8c6
10.e4 Qd8d7
11.e5 Bd6e7
12.exf6 Be7xf6
13.Bc1e3 Nc6e7
14.Rd1d2 Bb7xf3
15.Qe2xf3 Ra8c8
16.Qf3d1 Ne7d5
17.Bc4xd5 exd5
18.Qd1b3 c6
19.Be3f4 Rf8e8
20.Ra1d1 Re8e6
21.Rd2e2 Rc8e8
22.Re2xe6 { time. }
0-1

[Event "Tourn. n8531"]
[Site "www.chess-mail.com"]
[Date "2016.01.29"]
[Round "1"]
[White "Genius7"]
[Black "Goosebumps"]
[WhiteElo "2110"]
[BlackElo "2150"]
[Result "1-0"]
[Round "1"]
1.d4 e6
2.e4 d5
3.exd5 exd5
4.Bf1d3 Nb8c6
5.c3 Ng8f6
6.Ng1f3 h6
7.O-O Bf8d6
8.Rf1e1 Bc8e6
9.Nb1d2 O-O
10.Nd2f1 Rf8e8
11.Nf1g3 Qd8d7
12.Bc1e3 a6
13.Qd1c2 Be6g4
14.Bd3e2 Nc6d8
15.Ra1d1 Bg4xf3
16.Be2xf3  { time }
1-0

[Event "Match"]
[Site "www.echecsemail.com"]
[Date "2016.01.29"]
[Round "1"]
[White "Llord"]
[Black "Azorau"]
[WhiteElo "1850"]
[BlackElo "1910"]
[Result "0-1"]
[Round "1"]
1.e4 e5
2.Ng1f3 Nb8c6
3.Bf1c4 h6
4.O-O Ng8f6
5.Nb1c3 Bf8b4
6.a3 Bb4xc3
7.dxc3 O-O
8.Rf1e1 Nc6a5
9.Bc4a2 b6
10.b4 Na5c6
11.Ba2d5 a5
12.b5 Bc8b7
13.bxc6 dxc6
14.Bd5b3 Qd8e7
15.a4 Ra8d8
16.Nf3d2 c5
17.h3 Bb7xe4
18.Qd1e2 Be4d5
19.Bc1a3 Qe7e6
20.Ra1b1 Rf8e8
21.c4 Bd5c6
22.Nd2f3 Bc6xf3
23.Qe2xf3 Nf6h5
24.Qf3xh5 Qe6f6
25.Ba3b2 Rd8d2
26.Bb2xe5 Qf6xf2
{ resign }
0-1

[Event "Match"]
[Site "www.echecsemail.com"]
[Date "2016.01.29"]
[Round "1"]
[White "Micheles"]
[Black "Goosebumps"]
[WhiteElo "2520"]
[BlackElo "2020"]
[Result "1-0"]
[Round "1"]
1.d4 d5
2.Ng1f3 Nb8c6
3.Bc1f4 Ng8f6
4.e3 Bc8f5
5.c4 e6
6.Nb1c3 Bf8b4
7.Bf1e2 O-O
8.O-O dxc4
9.Be2xc4 a6
10.Bc4d3 Bf5xd3
11.Qd1xd3 Nf6h5
12.Bf4g3 Bb4d6
13.Bg3h4 Bd6e7
14.Bh4xe7 Qd8xe7
15.Nc3e4 Nh5f6
16.Ne4c5 Ra8b8
17.Qd3c3 Qe7d6
18.Ra1c1 Nf6d5
19.Qc3b3 Nd5b6
20.a3 Nb6d7
21.Nc5xb7 Nc6a5
22.Nb7xd6 Rb8xb3
23.Rc1xc7 Nd7f6
24.Rc7c5 Na5b7
25.Nd6xb7 Rb3xb7
26.b4 Nf6d5
27.Rf1c1 h6
28.Nf3e5 Kh7
29.g3 Kh8
30.Rc5a5 Rf8a8
31.e4 Nd5f6
32.d5  { time }
1-0

[Event "Match"]
[Site "www.echecsemail.com"]
[Date "2016.01.29"]
[Round "1"]
[White "Lino"]
[Black "Mchess"]
[WhiteElo "2420"]
[BlackElo "1690"]
[Result "0-1"]
[Round "1"]
1.e4 c5
2.Ng1f3 Nb8c6
3.Bf1b5 g6
4.Bb5xc6 dxc6
5.d3 Bf8g7
6.h3 e6
7.O-O Ng8e7
8.e5 Qd8c7
9.Rf1e1 b6
 { time }
0-1

[Event "Match"]
[Site "www.echecsemail.com"]
[Date "2016.01.29"]
[Round "1"]
[White "Chessnadja"]
[Black "Seger"]
[WhiteElo "1499"]
[BlackElo "2740"]
[Result "1/2-1/2"]
[Round "1"]
1.Ng1f3 d5
2.e3 e6
3.Bf1b5 Nb8d7
4.d4 Bf8d6
5.O-O Ng8f6
6.b3 c6
7.Bb5e2 O-O
8.Bc1b2 b6
9.c4 Bc8b7
10.Nb1c3 Rf8e8
11.Qd1c2 Ra8c8
12.Rf1d1 c5
13.cxd5 exd5
14.Qc2f5 a6
15.dxc5 g6
16.Qf5h3 Nd7xc5
17.Ra1c1 h5
18.Qh3h4 Bd6e7
19.Qh4d4 Nc5e6
20.Qd4d3 Be7d6
21.g3 Bd6f8
22.Be2f1 Bf8g7
23.Qd3b1 d4
24.Nf3xd4 Ne6g5
25.Bf1g2 Bb7xg2
26.Nd4e6 Qd8e7
27.Ne6xg5 Bg2a8
28.h4 b5
29.e4 Nf6g4
30.Nc3d5 Ba8xd5
31.Rc1xc8 Re8xc8
32.Rd1xd5 Bg7xb2
{ draw }
1/2-1/2

[Event "Match"]
[Site "www.echecsemail.com"]
[Date "2016.01.29"]
[Round "1"]
[White "Elogic"]
[Black "Pinehill"]
[WhiteElo "2240"]
[BlackElo "2020"]
[Result "0-1"]
[Round "1"]
1.Ng1f3 Ng8f6
2.c4 e6
3.a3 Bf8e7
4.Nb1c3 c5
5.e4 d5
6.exd5 exd5
7.cxd5 Nf6xd5
8.Nc3xd5 Qd8xd5
9.Qd1a4 Bc8d7
10.Bf1c4 Qd5e4
{ resign }
0-1

[Event "Match"]
[Site "www.echecsemail.com"]
[Date "2016.01.29"]
[Round "1"]
[White "Tonino1"]
[Black "Paes19"]
[WhiteElo "2050"]
[BlackElo "2130"]
[Result "1-0"]
[Round "1"]
1.d4 e6
2.Ng1f3 Nb8c6
3.e3 d6
4.Bf1d3 Ng8f6
5.b3 a6
6.Bc1b2 d5
7.Nb1d2 b5
8.O-O Bf8e7
9.Nf3e5 Bc8b7
10.Qd1e2 Nc6b4
11.Ra1c1 Nb4xa2
12.Rc1a1 Na2b4
13.f4 O-O
14.g4 Nb4xd3
15.cxd3 h6
16.Ra1c1 Qd8d6
17.Rc1c2 Ra8c8
18.Rf1c1  { time }
1-0

[Event "Match"]
[Site "www.echecsemail.com"]
[Date "2016.01.29"]
[Round "1"]
[White "Irene"]
[Black "Tonino1"]
[WhiteElo "2080"]
[BlackElo "1990"]
[Result "0-1"]
[Round "1"]
1.d4 Ng8f6
2.Nb1c3 g6
3.e4 Bf8g7
4.Ng1f3 d6
5.Bf1c4 O-O
6.O-O c6
7.Bc4d3 Qd8c7
8.Bc1e3 Nf6g4
9.Be3g5 e5
10.d5 f5
11.h3 Ng4h6
12.Qd1d2 Nh6f7
13.b3 f4
14.dxc6 bxc6
15.Bd3c4 Kh8
16.Bc4xf7 Rf8xf7
17.Nf3h4 h6
18.Nh4xg6 Kh7
19.Bg5xh6 Kxg6
20.Bh6xg7 Rf7xg7
21.Kh2 Bc8e6
22.g3 Rg7h7
23.h4 Qc7e7
24.Rf1h1 f3
25.Qd2e3 Rh7xh4
26.gxh4 Qe7xh4
27.Kg1 Qh4g4
28.Kh2 Qg4g2
{ resign }
0-1

[Event "1/64 Finale"]
[Site "www.chess-mail.com"]
[Date "2016.01.29"]
[Round "1"]
[White "Lino"]
[Black "Guidom"]
[WhiteElo "2350"]
[BlackElo "2040"]
[Result "0-1"]
[Round "1"]
1.e4 e5
2.Ng1f3 Nb8c6
3.Bf1b5 a6
4.Bb5a4 Ng8f6
5.O-O d6
6.Rf1e1 Bc8d7
7.c3 Bf8e7
8.d4 exd4
9.cxd4 O-O
10.Nb1c3 b5
11.Ba4b3 Nc6a5
12.e5 Nf6e8
13.Bb3c2 dxe5
14.Nc3d5 Bd7c6
15.Nd5xe7 Qd8xe7
16.Nf3xe5 Qe7d6
17.Bc1d2 Na5c4
18.Ne5xc6 Qd6xc6
19.Bc2e4 Qc6f6
20.Be4xa8 c6
21.Bd2c3 Qf6g6
22.Qd1f3 Ne8c7
23.Ba8xc6 Nc7e6
 { time }
0-1

[Event "1/128 Finale"]
[Site "www.chess-mail.com"]
[Date "2016.01.29"]
[Round "1"]
[White "Avg"]
[Black "Maredocla"]
[WhiteElo "1969"]
[BlackElo "2070"]
[Result "1-0"]
[Round "1"]
1.f4 e5
2.e4 exf4
3.Bf1c4 Ng8f6
4.Nb1c3 Bf8c5
5.d4 Bc5b6
6.e5 Nf6g8
7.Qd1g4 d5
8.Qg4xg7 dxc4
9.Qg7xh8 Kf8
10.Qh8xh7 Bb6xd4
11.Bc1xf4 Bd4xc3
12.bxc3 Bc8e6
13.Ng1f3 Qd8d5
14.Ra1d1 Qd5a5
15.Rd1d8 { resign }
1-0

[Event "Fast Game"]
[Site "www.echecsemail.com"]
[Date "2016.01.29"]
[Round "1"]
[White "Hennie4820"]
[Black "Libiesse"]
[WhiteElo "1790"]
[BlackElo "1649"]
[Result "0-1"]
[Round "1"]
1.e4 c5
2.Ng1f3 e6
3.d4 cxd4
4.Nf3xd4 Nb8c6
5.c4 Ng8f6
6.Nb1c3 Bf8b4
7.f3 Bb4xc3
8.bxc3 d6
9.Bf1e2 O-O
10.Bc1g5 h6
11.Bg5h4 Qd8a5
12.Qd1d2 Kh7
13.O-O Nc6e5
14.Bh4xf6 gxf6
15.Nd4b5 a6
16.Nb5xd6 Rf8d8
17.Rf1d1 Qa5c5
18.Qd2d4 Qc5xd4
19.Rd1xd4 Ne5c6
20.Rd4d2 Kg7
21.Ra1d1 e5
22.Nd6f5 Bc8xf5
23.exf5 Rd8xd2
24.Rd1xd2 Ra8d8
25.Rd2d5 Rd8xd5
26.cxd5 Nc6e7
27.c4 Kf8
28.g4 Ke8
29.Kf2 Kd7
30.Ke3 Kd6
31.Kd3 Kc5
32.Kc3 Ne7c8
33.Be2d1 Nc8d6
34.Bd1b3 e4
35.fxe4 Nd6xe4
36.Kd3 Ne4f2
37.Ke3 Nf2xg4
{ resign }
0-1

[Event "Tourn. n8570"]
[Site "www.chess-mail.com"]
[Date "2016.01.30"]
[Round "1"]
[White "Gatrooper"]
[Black "Gambitchess"]
[WhiteElo "1690"]
[BlackElo "1770"]
[Result "1-0"]
[Round "1"]
1.e4 d6
2.d4 Ng8f6
3.Nb1c3 g6
4.h3 Bf8g7
5.a3 O-O
6.Ng1f3 c5
7.dxc5 dxc5
8.e5 Nf6d7
9.Nf3g5 Bg7xe5
10.Nc3d5 Nd7b6
11.Nd5xb6  { time }
1-0

[Event "Tourn. n8529"]
[Site "www.chess-mail.com"]
[Date "2016.01.30"]
[Round "1"]
[White "Ledzepp"]
[Black "Jjmcbride"]
[WhiteElo "1249"]
[BlackElo "1450"]
[Result "0-1"]
[Round "1"]
1.e4 e5
2.d3 b6
3.Nb1c3 Ng8f6
4.Ng1f3 d5
5.exd5 Nf6xd5
6.Nf3xe5 Nd5xc3
7.bxc3 Qd8f6
8.d4 Bf8d6
9.Qd1e2 O-O
10.Qe2h5 g6
11.Qh5h6 Bd6xe5
12.Bc1g5 Qf6e6
13.dxe5 Qe6xe5
14.Bg5e3 Qe5xc3
15.Be3d2 Qc3xa1
16.Ke2 Bc8a6
17.Ke3 Rf8e8
18.Kf3 Ba6b7
19.Kg3 Nb8c6
20.Bd2g5 Re8e1
21.h4 Nc6d4
22.Kh2 Nd4f5
23.Bg5f6 Qa1xf6
24.Qh6f4 Qf6c6
25.f3 Ra8d8
26.h5 Rd8d4
27.Bf1b5 Re1xh1
28.Kxh1 Qc6xb5
29.Qf4g5 Qb5f1
{ resign }
0-1

[Event "Tourn. n8487"]
[Site "www.chess-mail.com"]
[Date "2016.01.30"]
[Round "1"]
[White "Lyko"]
[Black "Expert"]
[WhiteElo "1879"]
[BlackElo "1840"]
[Result "0-1"]
[Round "1"]
1.e4 e6
2.d4 d5
3.Nb1c3 Ng8f6
4.Bc1g5 Bf8b4
5.e5 h6
6.Bg5xf6 gxf6
7.exf6 Bb4xc3
8.bxc3 Qd8xf6
9.Ng1f3 c5
10.Nf3e5 a6
11.Qd1f3 Qf6xf3
12.Ne5xf3 Nb8d7
13.dxc5 Nd7xc5
14.c4 dxc4
15.Bf1xc4 Bc8d7
16.Nf3e5 b5
17.Ne5xd7 Kxd7
18.Ra1d1 Ke7
19.Bc4e2 Ra8d8
20.O-O Rd8xd1
21.Rf1xd1 Rh8d8
22.Rd1xd8 Kxd8
23.f3 Kc7
24.Kf2 Kd6
25.Ke3 f5
26.Kf4 Nc5a4
 { time }
0-1